Environmental biology (Record no. 122610)
[ view plain ]
| 000 -LEADER | |
|---|---|
| fixed length control field | 00848nam a2200253Ia 4500 |
| 003 - CONTROL NUMBER IDENTIFIER | |
| control field | OSt |
| 005 - DATE AND TIME OF LATEST TRANSACTION | |
| control field | 20250610160638.0 |
| 008 - FIXED-LENGTH DATA ELEMENTS--GENERAL INFORMATION | |
| fixed length control field | 210210b2014 xxu||||| |||| 00| 0 eng d |
| 020 ## - INTERNATIONAL STANDARD BOOK NUMBER | |
| International Standard Book Number | 8121924766 |
| 040 ## - CATALOGING SOURCE | |
| Transcribing agency | AL |
| 041 ## - LANGUAGE CODE | |
| Language code of text/sound track or separate title | English |
| 082 ## - DEWEY DECIMAL CLASSIFICATION NUMBER | |
| Classification number | 574.5 SINE |
| 100 ## - MAIN ENTRY--PERSONAL NAME | |
| Personal name | SINGH (H R) |
| 9 (RLIN) | 214107 |
| 245 ## - TITLE STATEMENT | |
| Title | Environmental biology |
| 250 ## - EDITION STATEMENT | |
| Edition statement | 4 Rev |
| 260 ## - PUBLICATION, DISTRIBUTION, ETC. | |
| Place of publication, distribution, etc. | New Delhi |
| Name of publisher, distributor, etc. | S. Chand & Co. Ltd. |
| Date of publication, distribution, etc. | 2014 |
| 300 ## - PHYSICAL DESCRIPTION | |
| Extent | xii,236 |
| 520 ## - SUMMARY, ETC. | |
| Summary, etc. | Table of Content : 1. Introduction 2. Organisms And Environment 3. Population 4. Biotic Community 5. Ecosystem 6. Biosphere Degradation And Environmental Problems 7. Biodiversity 8. Environmental Toxicology 9. Environmental Biotechnology References|Index |
| 650 ## - SUBJECT ADDED ENTRY--TOPICAL TERM | |
| Topical term or geographic name entry element | Environmental |
| 9 (RLIN) | 214108 |
| 650 ## - SUBJECT ADDED ENTRY--TOPICAL TERM | |
| Topical term or geographic name entry element | biology |
| 9 (RLIN) | 214109 |
| 690 ## - LOCAL SUBJECT ADDED ENTRY--TOPICAL TERM (OCLC, RLIN) | |
| Topical term or geographic name as entry element | Environment |
| 9 (RLIN) | 214110 |
| 906 ## - LOCAL DATA ELEMENT F, LDF (RLIN) | |
| a | 072801 |
| 942 ## - ADDED ENTRY ELEMENTS (KOHA) | |
| Source of classification or shelving scheme | Dewey Decimal Classification |
| Koha item type | Book |
| Withdrawn status | Lost status | Source of classification or shelving scheme | Damaged status | Not for loan | Collection code | Home library | Current library | Shelving location | Date acquired | Source of acquisition | Cost, normal purchase price | Total Checkouts | Full call number | Barcode | Date last seen | Date last checked out | Price effective from | Koha item type |
|---|---|---|---|---|---|---|---|---|---|---|---|---|---|---|---|---|---|---|
| Dewey Decimal Classification | Botany | St Aloysius Library | St Aloysius Library | 02/17/2021 | Biblios Book Point, Surathkal-575014 | 195.00 | 1 | 574.5 SINE | 072801 | 04/12/2022 | 02/15/2022 | 02/17/2021 | Book |